| Tag |
First Indicator |
Second Indicator |
Subfields |
| LEADER |
00000cam a2200000Ia 4500 |
| 001 |
in00001848639 |
| 005 |
20151026081916.0 |
| 008 |
950825s1994 ru 000 1 rus d |
| 020 |
|
|
|a 5878520192
|
| 035 |
|
|
|a (OCoLC)ocm33039129
|
| 040 |
|
|
|a OSU
|c OSU
|d IXA
|d OCL
|d TXA
|d UtOrBLW
|
| 049 |
|
|
|a TXAM
|
| 090 |
|
|
|a PG3481.E56
|b Z2 1994
|
| 100 |
1 |
|
|a Gendlin, Leonard.
|
| 245 |
1 |
0 |
|a Za Kremlev̈skoĭ stenoĭ /
|c Leonard Gendlin.
|
| 264 |
|
1 |
|a Sankt-Peterburg :
|b Vodoleĭ,
|c 1994.
|
| 300 |
|
|
|a 383 pages ;
|c 20 cm.
|
| 336 |
|
|
|a text
|b txt
|2 rdacontent
|
| 337 |
|
|
|a unmediated
|b n
|2 rdamedia
|
| 338 |
|
|
|a volume
|b nc
|2 rdacarrier
|
| 500 |
|
|
|a Based on memoirs by Vera Aleksandrovna Davydova (page 3).
|
| 600 |
1 |
0 |
|a Stalin, Joseph,
|d 1878-1953
|v Fiction.
|
| 600 |
1 |
0 |
|a Stalin, Joseph,
|d 1878-1953
|x Relations with women
|v Fiction.
|
| 600 |
1 |
0 |
|a Stalin, Joseph,
|d 1878-1953
|x Friends and associates
|v Fiction.
|
| 600 |
1 |
0 |
|a Davydova, Vera Aleksandrovna,
|d 1906-1993.
|
| 948 |
|
|
|a cataloged
|b h
|c 2004/8/2
|d c
|e spoltoratski
|f 10:55:08 am
|
| 994 |
|
|
|a E0
|b TXA
|
| 999 |
|
|
|a MARS
|
| 999 |
f |
f |
|s d92be16d-7184-31cb-8dbe-8cf58f00c016
|i 14df950a-c077-3e4a-a738-d0c9aba5bb95
|t 0
|
| 952 |
f |
f |
|p ric
|a Texas A&M University
|b Rellis Campus
|c Joint Library Facility
|d Remote Storage
|t 0
|e PG3481.E56 Z2 1994
|h Library of Congress classification
|i unmediated -- volume
|m A14832072967
|
| 998 |
f |
f |
|a PG3481.E56 Z2 1994
|t 0
|l Remote Storage
|